| 000 | 00577nam a2200181 a 4500 | ||
|---|---|---|---|
| 005 | 20231021063603.0 | ||
| 008 | 991125s1985 ag 000 0 spa u | ||
| 020 | _a950909532X | ||
| 035 | _aUPN01000013708 | ||
| 049 | _aCG | ||
| 050 | 4 |
_aLB1049 _bP4.3 |
|
| 100 | 1 |
_aPérez Alvarez, Sergio _928611 |
|
| 245 | 1 | 0 |
_aDel estudio dirigido al estudio autónomo : _btécnicas de estudio y trabajo intelectual para aprender a aprender / _cSergio Pérez Alvarez. |
| 260 |
_aBuenos Aires : _bBraga, _c1985. |
||
| 300 | _a207 p. | ||
| 650 | 4 |
_aMétodos de estudio _94280 |
|
| 905 | _aLibro | ||
| 999 |
_c13708 _d13708 |
||